Регионална библиотека "Любен Каравелов" - Русе

El angel perdido (Запис номер 509044)

MARC детайли
000 -Лидер
Лидер 00731nam a2200265 a 4500
003 - Код на организацията, давaща контролен номер
Код на организацията, даваща контролен номер BLK
005 - Дата и час на последна редакция
Дата и час на последна редакция 20240418130657.0
007 - Фиксирано поле за физическо описани
Физическо описание ta
008 - Елементи от данни с фиксирана дължина
Елементи с фиксирана дължина 221104b bu |||||r|||| 00| | bu d
020 ## - Международен стандартен номер на книга ISBN
ISBN 9788408099956
040 ## - Източник на каталожния запис
Код на библиотеката BLK
041 ## - Код за език
Език Испански
Език за КДБФ Други
080 ## - УДК
9 (RLIN) 231919
УДК текст Испанска литература
УДК код 821.134.2
УДК – определител -31
УДК – код + определител 821.134.2-31
084 ## - Класификационен индекс по друга класификация
Авторски знак Sie - S 58
100 ## - Редна дума - Автор
R(LIN) 492218
Автор Sierra, Javier
245 ## - Сведения за заглавието
Заглавие El angel perdido
Авторска отговорност Javier Sierra
260 ## - Област на издателските данни
9 (RLIN) 218986
Място на издаване Barcelona
Име на издателя Planeta DeAgostini
Година на издаване 2011
300 ## - Физическа характеристика
Брой страници 534 p.
Размер 24 cm
380 ## - Жанр
Жанр Худож. лит.
852 ## - Местоположение
Отдел Заемна - подръчен фонд
Систематично-азбучна сигнатура 821-31/S 58 J
856 ## - Електронен адрес и достъп
Инструкция (цена за достъп) 0.00
Права за достъп disable
942 ## - АРТИКУЛИ
Вид на библиотечния документ Книги
Скрит в OPAC Не
944 ## - СЪЗДАВАНЕ И РЕДАКЦИЯ на ЗАПИСА
Дата на регистрацията/редакция Кети Илиева
Служител, извършил регистрацията/редакцията 30545
Номер на служител Нора Радева
999 ## - СИСТЕМНИ КОНТРОЛНИ НОМЕРА
Koha biblionumber 509044
Koha biblioitemnumber 509044
999 ## - СИСТЕМНИ КОНТРОЛНИ НОМЕРА
Koha biblioitemnumber 509044
Наличности
Код за отписване Код за изгубен артикул Източник на класификационната схема Код за повреда Код за отдаване Артикулен № Име на библиотеката - собственик Име на библиотеката, в която се намира в момента Статус (Текущо местоположение) Дата на вписване в системата Местоположение - отдел Цена в лева Инвентарен номер Систематично азбучна сигнатура Баркод Цена в евро Служебен тип на артикула
  Не е изгубен Universal Decimal Classification Не е повреден заемане за дома 942396 Регионална библиотека "Любен Каравелов" Русе Регионална библиотека "Любен Каравелов" Русе Заемна - подръчен фонд 2024-04-18 Заемна - подръчен фонд 25.00 120000901419 821-31/S 58 J 120000901419 12.78 Книги
Vip Innovations Ltd, Rousse, Bulgaria 2025